000 00204 a2200097 4500
001 48372
100 _aMowat, F
245 _aOrdeal by Ice
260 _aLondon
_bMichael Joseph
_c
090 _c31313
_d31313
942 _aNUST-CAE
_cM
_c23685
999 _c283445
_d283445